000 00755nam a2200265Ia 4500
005 20260302115724.0
008 008 260114s9999 xx 000 0 eng d
020 _a9781509974023
037 _aTextbook
040 _aCRL
040 _beng
040 _cCRL
041 _2eng
041 _aeng
084 _qCRL
100 _aTania Groppi, Marie-Claire Ponthoreau, Irene Spigno
_91122455
245 0 _aJudicial Bricolage The Use of Foreign Precedents by Constitutional Judges in the 21st Century
260 _bBloomsbury
260 _bHart Publishing
260 _c2025
650 _aLaw
856 _uhttps://doi.org/10.5040/9781509974023?locatt=label:secondary_bloomsburyCollections
942 _cEBOOK
999 _c1687240
_d1687240